| 000 | 00819nam a2200313Ia 4500 | ||
|---|---|---|---|
| 008 | 160803s9999 xx 000 0 und d | ||
| 020 | _a9780439568531 | ||
| 100 | _aButler, Christine Taylor | ||
| 245 | 2 | _aA mom like no other / | |
| 245 | _cby Christine Taylor-Butler ; illustrated by Nancy Devard. | ||
| 260 | _aNew York : | ||
| 260 | _bScholastic Inc. | ||
| 260 | _c2004 | ||
| 300 | _a32 pages : | ||
| 300 | _bcolor illustrations ; | ||
| 300 | _c23 cm. | ||
| 440 | _aJust for you! ; | ||
| 440 | _vLevel 2. | ||
| 650 | _aAfrican Americans -- | ||
| 650 | _aBest friends -- | ||
| 650 | _aFriendship -- | ||
| 650 | _aMothers and daughters -- | ||
| 650 | _aStories in rhyme. | ||
| 650 | _xFiction. | ||
| 650 | _xFiction. | ||
| 650 | _xFiction. | ||
| 650 | _xFiction. | ||
| 700 | _a350 | ||
| 999 |
_c299193 _d299193 |
||